| 000 | 00783nam a2200193Ia 4500 | ||
|---|---|---|---|
| 999 |
_c40925 _d40925 |
||
| 001 | 7570 | ||
| 003 | GE_BSU | ||
| 005 | 20231221175353.0 | ||
| 008 | 181216s2013||||ge |||||||||||||| ||geo|| | ||
| 040 | _cGE_BSU | ||
| 041 | _ageo | ||
| 080 | _a615.5+821-353.1-83 მ-44 | ||
| 100 |
_aმახარაძე, ვლადიმერ _99752 |
||
| 245 |
_aმედიცინა და ფარმაცია ხატოვან აზროვნებაში / _cვლადიმერ მახარაძე. |
||
| 264 |
_aთბილისი : _bივერიონი, _c2013. |
||
| 300 |
_a319 გვ. ; _c20 სმ. |
||
| 653 | _aმედიცინა და ფარმაცია ხატოვან აზროვნებაში | ||
| 942 |
_cBK _2udc |
||